000 00599nam a2200205Ii 4500
003 JO-AjNU
008 230605s9999||||xx |||||||||||||| ||und||
040 _aJO-AjNU
_bara
_erda
_cJO-AjNU
041 _aara
050 1 4 _aPJ7542.K57.S42 1979
100 3 _aشلق، علي,
_eauthor
_937794
245 0 0 _aالقبلة في الشعر العربي
250 _aط2
264 3 1 _aد.م: دار الأندلس، 1979
300 _a295ص
336 _atext
_btxt
_2rdacontent
337 _aunmediated
_bn
_2rdamedia
338 _avolume
_bnc
_2rdacarrier
650 4 _aالشعر العربي
_937795
999 _aA15824
_c19392
_d19392